| 000 | 00521nam a2200157Ia 4500 | ||
|---|---|---|---|
| 005 | 20250403085238.0 | ||
| 008 | 231217s9999 xx 000 0 und d | ||
| 020 | _a9788172249250 | ||
| 082 | _a158 TIM;2 | ||
| 100 | _aTimm, Paul, R. | ||
| 245 | 0 | _aHow to make winning presentations: 30 action tips for getting your ideas across with clarity and impact | |
| 260 |
_c2006 _bJaico _aMumbai |
||
| 300 | _a93 | ||
| 650 | _amake,winning,presentations:,30,getting, you, idea, acros, wit, clarit, an, impact | ||
| 942 | _cAA | ||
| 999 |
_c190511 _d190511 |
||